Statistics for Overwatch Maps By Location

Click here to take the quiz!

General Stats

  • This quiz has been taken 608 times
    (441 since last reset)
  • The average score is 15 of 30

Answer Stats

LocationMap% Correct
AustraliaJunkertown
84%
AfricaNumbani
84%
United KingdomKing's Row
76%
FranceParis
72%
GreeceIlios
71%
EgyptTemple of Anubis
71%
GibraltarWatchpoint: Gibraltar
68%
NepalNepal
67%
United States of AmericaRoute 66
67%
South KoreaBusan
66%
MexicoDorado
66%
JapanHanamura
66%
GermanyEichenwalde
61%
CubaHavana
60%
AntarcticaEcopoint: Antarctica
57%
ItalyRialto
55%
RussiaVolskaya Industries
54%
ChinaLijiang Tower
47%
GermanyBlack Forest
41%
LunaHorizon Lunar Colony
40%
United States of AmericaHollywood
39%
IraqOasis
39%
JordanPetra
36%
MexicoCastillo
31%
United States of AmericaBlizzard World
30%
FranceChateau Guillard
30%
EgyptNecropolis
28%
ThailandAyutthaya
16%
AustraliaSydney Harbour Arena
11%
BrazilEstadio das Ras
3%

Score Distribution

Percentile by Number Answered

Percent of People with Each Score

Your Score History

You have not taken this quiz since the last reset